000 00556nam a2200229Ia 4500
003 OSt
005 20220924142215.0
006 a|||||r|||| 00| 0
007 ta
008 220923b |||||||| |||| 00| 0 ben d
024 _a300818
037 _cTextual
040 _aARTS
_cARTS
_bben
041 _2ben
_aben
082 _aV2:25wM881, 157H9
100 _aMitra S.K.
245 0 _aMrurdnjayi praphul
260 _c1949
650 _aHISTORY
942 _hV2:25wM881, 157H9
_cTEXL
_2CC
999 _c449697
_d449697